[Event "Figueres op 12th"]
[Site "Figueres"]
[Date "2011.08.11"]
[Round "1"]
[White "Triadu Cassa, Jordi"]
[Black "Ragueneau, Yann Klemens"]
[Result "1-0"]
[WhiteElo "2083"]
[BlackElo "1414"]
[PlyCount "49"]
[EventDate "2011.08.11"]
[EventType "swiss"]
[EventRounds "9"]
[EventCountry "ESP"]
[SourceTitle "CBM 143 Extra"]
[Source "ChessBase"]
[SourceDate "2011.08.29"]
[SourceVersion "1"]
[SourceVersionDate "2011.08.29"]
[SourceQuality "1"]

1. e4 d6 2. d4 Nf6 3. Nc3 g6 4. Nf3 Bg7 5. Be3 0-0 6. Qd2 c6 7. h3 b5 8. Bd3 Qa5 9. 0-0 a6 10. Bh6 Bb7 11. e5 dxe5 12. dxe5 Nfd7 13. Bxg7 Kxg7 14. e6 fxe6 15. Ng5 Rf6 16. Qe3 e5 17. Nce4 Nf8 18. Nxf6 exf6 19. Ne4 Qc7 20. a4 Nbd7 21. c4 Ne6 22. axb5 Nd4 23. bxa6 Bc8 24. c5 Qa7 25. b4 1-0